Nền móng công trình
Trình bày tổng quan về nền móng, cơ học đất, móng nông, cọc chịu tải trọng đứng, chịu tải ngang và móng cọc, gia cố nền.
Na minha lista:
| Autor principal: | |
|---|---|
| Formato: | Livro |
| Idioma: | Undetermined |
| Publicado em: |
Hà Nội
Xây dựng
2010
|
| Assuntos: | |
| Tags: |
Adicionar Tag
Sem tags, seja o primeiro a adicionar uma tag!
|
| Thư viện lưu trữ: | Trung tâm Học liệu Trường Đại học Cần Thơ |
|---|
| LEADER | 00779nam a2200205Ia 4500 | ||
|---|---|---|---|
| 001 | CTU_166967 | ||
| 008 | 210402s9999 xx 000 0 und d | ||
| 020 | |c 125000 | ||
| 082 | |a 624.15 | ||
| 082 | |b Â121 | ||
| 100 | |a Châu, Ngọc Ẩn | ||
| 245 | 0 | |a Nền móng công trình | |
| 245 | 0 | |c Châu Ngọc Ẩn | |
| 260 | |a Hà Nội | ||
| 260 | |b Xây dựng | ||
| 260 | |c 2010 | ||
| 520 | |a Trình bày tổng quan về nền móng, cơ học đất, móng nông, cọc chịu tải trọng đứng, chịu tải ngang và móng cọc, gia cố nền. | ||
| 650 | |a Engineering geology,Soil mechanics,Địa chất ứng dụng,Cơ học đất | ||
| 904 | |i Năm | ||
| 980 | |a Trung tâm Học liệu Trường Đại học Cần Thơ | ||